[Event "KAUPTHING OPEN 2007 B"]
[Site "?"]
[Date "2007.07.13"]
[Round "8.7"]
[White "Parreira, Luis Miguel"]
[Black "Baillard, Marc"]
[Result "1-0"]
[WhiteElo "1969"]
[BlackElo "2001"]
[PlyCount "150"]
[EventDate "2007.07.18"]

1. e4 c5 2. c3 e6 3. d4 Be7 4. Nf3 b6 5. Be3 d6 6. Bd3 Bb7 7. O-O Nd7 8. Nbd2
a6 9. Re1 Ngf6 10. a3 Rc8 11. Bf4 Nh5 12. Be3 g6 13. Bh6 Bf6 14. Nc4 Be7 15. e5
d5 16. Ne3 Rg8 17. Nf1 Rc6 18. b4 c4 19. Bc2 f5 20. Bd2 Rc7 21. Qc1 Nf8 22. a4
Kf7 23. Ng3 Nxg3 24. fxg3 g5 25. Rf1 g4 26. Ne1 Bg5 27. Bd1 Bxd2 28. Qxd2 Qg5
29. Qxg5 Rxg5 30. Nc2 h5 31. Ne3 Bc8 32. a5 b5 33. Bc2 Ke8 34. Rf2 Rh7 35. Raf1
Ng6 36. Bd1 h4 37. gxh4 Rxh4 38. g3 Rh7 39. Be2 Ne7 40. Ng2 Rg8 41. Nf4 Rgh8
42. Rg2 Rg8 43. Bd1 Nc6 44. Bc2 Nd8 45. Ne2 Nf7 46. Kf2 Rgh8 47. Rh1 Ng5 48.
Ng1 Bb7 49. Ke3 Rf7 50. Rf2 Ke7 51. Rf4 Rh5 52. Bb1 Rfh7 53. Rf2 Kf7 54. Ke2
Kg6 55. Kf1 Bc8 56. Kg2 Bd7 57. Rf4 Ne4 58. Bxe4 dxe4 59. Ne2 e3 60. d5 exd5
61. Rd4 Kf7 62. Nf4 R5h6 63. h4 gxh3+ 64. Rxh3 Rxh3 65. Nxh3 Rh8 66. Nf4 Re8
67. Ne2 Rxe5 68. Rh4 Bc6 69. Kf1 Be8 70. Rh7+ Kg6 71. Ra7 Re6 72. Nf4+ Kf6 73.
Nxe6 Kxe6 74. Rxa6+ Ke5 75. Ke2 f4 1-0

[Event "KAUPTHING OPEN 2007 B"]
[Site "?"]
[Date "2007.07.13"]
[Round "8.8"]
[White "Ortartchiev, Gadji"]
[Black "Pletsch, Claude"]
[Result "1-0"]
[WhiteElo "1992"]
[BlackElo "1903"]
[PlyCount "53"]
[EventDate "2007.07.18"]

1. c4 e5 2. Nc3 Nf6 3. Nf3 Nc6 4. g3 d5 5. cxd5 Nxd5 6. Bg2 Be6 7. O-O Be7 8.
d3 Qd7 9. Bd2 f6 10. a3 O-O-O 11. Rc1 g5 12. Ne4 Bh3 13. Bxh3 Qxh3 14. Rxc6
bxc6 15. Qa4 Qe6 16. Rc1 Kd7 17. Nexg5 fxg5 18. Rxc6 Bd6 19. Nxg5 Qf5 20. Rc5+
Ke7 21. Rxd5 h6 22. Ne4 Qd7 23. Qxa7 Qc6 24. Rxd6 Rxd6 25. Bb4 Ke6 26. Bxd6
cxd6 27. Qg7 1-0

[Event "KAUPTHING OPEN 2007 B"]
[Site "?"]
[Date "2007.07.13"]
[Round "8.9"]
[White "Roitzsch, Philippe"]
[Black "Weller, Werner"]
[Result "1-0"]
[WhiteElo "1874"]
[BlackElo "1967"]
[PlyCount "53"]
[EventDate "2007.07.18"]

1. e4 b6 2. d4 e6 3. Nf3 Bb7 4. Bd3 Nc6 5. O-O d6 6. Bf4 h6 7. c3 a6 8. Re1
Nce7 9. Nbd2 g5 10. Bg3 Ng6 11. e5 Bg7 12. exd6 Nf4 13. dxc7 Qxc7 14. Bxf4 gxf4
15. Be4 Ne7 16. Qb3 Rd8 17. Nc4 Nd5 18. Nce5 Bxe5 19. Nxe5 Rg8 20. c4 Nf6 21.
Bxb7 Qxb7 22. d5 Rd6 23. Qf3 Nxd5 24. cxd5 Rxd5 25. Ng4 Kf8 26. h3 Qe7 27. Qxd5
1-0

[Event "KAUPTHING OPEN 2007 B"]
[Site "?"]
[Date "2007.07.13"]
[Round "8.10"]
[White "Bakalarz, Grazyna"]
[Black "Solaroli, Riccardo"]
[Result "1/2-1/2"]
[WhiteElo "2060"]
[BlackElo "1929"]
[PlyCount "112"]
[EventDate "2007.07.18"]

1. d4 Nf6 2. Nf3 e6 3. Bg5 h6 4. Bxf6 Qxf6 5. e4 d6 6. Nc3 g6 7. Bd3 Bg7 8. Qd2
c6 9. O-O Nd7 10. Rfe1 e5 11. dxe5 dxe5 12. b4 O-O 13. Qe3 Qe7 14. a3 b5 15.
Nd2 a5 16. Rab1 Nf6 17. f3 Be6 18. Ne2 axb4 19. axb4 Ra4 20. c3 Rfa8 21. Bc2
Ra3 22. Bb3 Nd7 23. Nc1 Bf8 24. Bxe6 Qxe6 25. Ncb3 Kh7 26. Kh1 Be7 27. Red1 Bg5
28. Qe1 Ra2 29. Ra1 Qe7 30. Rxa2 Rxa2 31. Ra1 Rxa1 32. Qxa1 Qd6 33. Qa2 Qd3 34.
Qb2 Qe2 35. Qc1 Nb6 36. Qf1 Qxf1+ 37. Nxf1 Nd7 38. Na5 Nb8 39. g3 Bd8 40. Nb7
Be7 41. Kg2 Nd7 42. Kf2 c5 43. bxc5 Nxc5 44. Nxc5 Bxc5+ 45. Ke2 Kg7 46. h3 f6
47. Kd3 Kf7 48. g4 b4 49. cxb4 Bxb4 50. Kc4 Be1 51. Kd5 Bf2 52. Nd2 Ke7 53. Nc4
Kd7 54. Nd6 Ke7 55. Nb7 Kd7 56. Nd6 Ke7 1/2-1/2

[Event "KAUPTHING OPEN 2007 B"]
[Site "?"]
[Date "2007.07.13"]
[Round "8.11"]
[White "Pietras, Ryszard"]
[Black "Berens, Thomas"]
[Result "0-1"]
[WhiteElo "1800"]
[BlackElo "2032"]
[PlyCount "62"]
[EventDate "2007.07.18"]

1. e4 c5 2. Nc3 d6 3. g3 Nc6 4. Nge2 g6 5. d3 Bg7 6. Bg2 e6 7. O-O Nge7 8. f4
O-O 9. Bd2 Rb8 10. Rb1 b5 11. Qe1 Nd4 12. Nxd4 cxd4 13. Ne2 Qc7 14. c3 dxc3 15.
Bxc3 Bxc3 16. bxc3 Bd7 17. g4 f5 18. Qh4 Rf7 19. g5 fxe4 20. dxe4 d5 21. exd5
Nxd5 22. Bxd5 Qc5+ 23. Qf2 Qxd5 24. Ng3 Bc6 25. Rb4 e5 26. Qe2 Qc5+ 27. Qf2
Qxc3 28. Rb3 Qc4 29. f5 gxf5 30. Re1 f4 31. Ne4 Bxe4 0-1

[Event "KAUPTHING OPEN 2007 B"]
[Site "?"]
[Date "2007.07.13"]
[Round "8.12"]
[White "Kruis, Ruud"]
[Black "Jouanny, Sebastien"]
[Result "1-0"]
[WhiteElo "1988"]
[BlackElo "1681"]
[PlyCount "61"]
[EventDate "2007.07.18"]

1. b3 e5 2. Bb2 d6 3. d4 Nc6 4. dxe5 dxe5 5. Qxd8+ Kxd8 6. Nf3 f6 7. Nc3 a6 8.
O-O-O+ Ke8 9. Nd5 Bd6 10. c4 Nge7 11. c5 Bxc5 12. Nxc7+ Kf7 13. Nxa8 Bf5 14.
Nc7 Rc8 15. e4 Bxe4 16. Bc4+ Kg6 17. Nd2 Bf5 18. Nd5 b5 19. Nxe7+ Nxe7 20. g4
bxc4 21. gxf5+ Nxf5 22. Nxc4 Bxf2 23. Kb1 Bc5 24. Rhe1 Rc7 25. Re4 Kf7 26. Rc1
g6 27. Nxe5+ fxe5 28. Bxe5 Nd6 29. Ra4 Ke6 30. Bg3 Rc8 31. Rxa6 1-0

[Event "KAUPTHING OPEN 2007 B"]
[Site "?"]
[Date "2007.07.13"]
[Round "8.13"]
[White "Adami, Eric"]
[Black "Birtz, Claude"]
[Result "0-1"]
[WhiteElo "1653"]
[BlackElo "1936"]
[PlyCount "70"]
[EventDate "2007.07.18"]

1. e4 d5 2. d4 Nf6 3. Bd3 g6 4. Bg5 Bg7 5. Qd2 Nc6 6. Ne2 e5 7. c3 h6 8. Bh4 g5
9. Bg3 Nh5 10. exd5 Nxg3 11. Nxg3 Ne7 12. Nh5 O-O 13. g3 Ng6 14. Nxg7 Kxg7 15.
Qe2 f5 16. Nd2 f4 17. O-O-O Bh3 18. Rdg1 f3 19. Nxf3 Bg4 20. Nxg5 Bxe2 21. Ne6+
Kg8 22. Nxd8 Bxd3 23. Rd1 Be4 24. Rhe1 Bf3 25. Ne6 Bxd1 26. Nxf8 Rxf8 27. Kxd1
Rxf2 28. Re2 Rxe2 29. Kxe2 Ne7 30. c4 Kg7 31. Kf3 h5 32. h3 Kg6 33. g4 h4 34.
b4 Kg5 35. a4 Ng6 0-1

[Event "KAUPTHING OPEN 2007 B"]
[Site "?"]
[Date "2007.07.13"]
[Round "8.14"]
[White "Meyer, Mylène"]
[Black "Wagener, Christophe"]
[Result "1-0"]
[WhiteElo "1720"]
[BlackElo "1930"]
[PlyCount "95"]
[EventDate "2007.07.18"]

1. d4 Nf6 2. Nf3 d6 3. Bf4 g6 4. e3 Bg7 5. Bd3 O-O 6. O-O c5 7. c3 Nc6 8. h3 a6
9. a4 Bd7 10. Na3 Qc8 11. dxc5 dxc5 12. Qe2 Nd5 13. Bg3 e5 14. Nc4 Qc7 15. Be4
Nde7 16. Rfd1 f5 17. Bc2 Be6 18. Ng5 Bd5 19. e4 fxe4 20. Bxe4 Rfd8 21. Bxd5+
Rxd5 22. Rxd5 Nxd5 23. Rd1 Qe7 24. Rxd5 Qxg5 25. Rxc5 Qe7 26. Rd5 Re8 27. Qd2
Qe6 28. Nb6 Ne7 29. Rd8 Nf5 30. Rxe8+ Qxe8 31. Bh2 Qe7 32. Qd7 Kf7 33. Kf1 Qxd7
34. Nxd7 e4 35. Nc5 b5 36. Nxa6 bxa4 37. Nc5 a3 38. bxa3 Bxc3 39. Nxe4 Bb2 40.
Nd6+ Ke6 41. Nxf5 gxf5 42. a4 Bc3 43. Ke2 Kd5 44. Bf4 Kc4 45. Bd2 Be5 46. a5
Kb5 47. g4 fxg4 48. hxg4 1-0

[Event "KAUPTHING OPEN 2007 B"]
[Site "?"]
[Date "2007.07.13"]
[Round "8.15"]
[White "Duenzel, Jonas"]
[Black "Marchal, Chantal"]
[Result "1/2-1/2"]
[WhiteElo "1900"]
[BlackElo "1884"]
[PlyCount "57"]
[EventDate "2007.07.18"]

1. e4 c5 2. Nf3 d6 3. Nc3 Nf6 4. e5 dxe5 5. Nxe5 a6 6. Be2 e6 7. O-O Qc7 8. Nf3
Nc6 9. d3 Be7 10. b3 O-O 11. Bb2 Rd8 12. Qc1 Nd4 13. Nxd4 cxd4 14. Ne4 b5 15.
Qd2 Bb7 16. Bf3 Nxe4 17. Bxe4 b4 18. Bxb7 Qxb7 19. a3 a5 20. Qe2 Rac8 21. axb4
Bxb4 22. Ba3 Qc6 23. Bxb4 axb4 24. Ra2 Ra8 25. Raa1 Rxa1 26. Rxa1 Ra8 27. Rxa8+
Qxa8 28. g3 h6 29. Qd2 1/2-1/2

[Event "KAUPTHING OPEN 2007 B"]
[Site "?"]
[Date "2007.07.13"]
[Round "8.16"]
[White "Oliva, Jan"]
[Black "Lockwood, William"]
[Result "1-0"]
[WhiteElo "1840"]
[BlackElo "1882"]
[PlyCount "89"]
[EventDate "2007.07.18"]

1. c4 Nc6 2. Nf3 e5 3. Nc3 Nf6 4. g3 Nd4 5. Bg2 Nxf3+ 6. Bxf3 Be7 7. O-O O-O 8.
d4 d6 9. b3 c6 10. Bb2 Bh3 11. Re1 Qc7 12. Rc1 Rad8 13. Qd3 exd4 14. Qxd4 Qb6
15. Qd2 Bf5 16. Rcd1 Rfe8 17. Qf4 Bg6 18. Ba3 Qa5 19. Bb2 h6 20. Qd4 Bf8 21. e4
Nd7 22. Bg2 Ne5 23. Qe3 Be7 24. Qd4 Bf6 25. Qd2 Bh5 26. Nd5 Qxd2 27. Nxf6+ gxf6
28. Rxd2 Kg7 29. f4 Nf3+ 30. Bxf3 Bxf3 31. e5 fxe5 32. fxe5 dxe5 33. Rxd8 Rxd8
34. Rxe5 Rd1+ 35. Kf2 Rd2+ 36. Re2+ Rxb2 37. Rxb2 Bg4 38. Ke3 Kf6 39. Rd2 h5
40. Kf4 Ke7 41. Kg5 Bf3 42. Rd4 f6+ 43. Kg6 Ke6 44. Rf4 Ke5 45. Rxf3 1-0

[Event "KAUPTHING OPEN 2007 B"]
[Site "?"]
[Date "2007.07.13"]
[Round "8.17"]
[White "Caquard, Frederic"]
[Black "Scholtes, Théo"]
[Result "1-0"]
[WhiteElo "1881"]
[BlackElo "1765"]
[PlyCount "63"]
[EventDate "2007.07.18"]

1. e4 b6 2. d4 Bb7 3. Bd3 e6 4. Nf3 d5 5. e5 c5 6. c3 h6 7. Be3 c4 8. Bc2 b5 9.
O-O Nc6 10. Ne1 Be7 11. f4 g5 12. f5 Kd7 13. b3 h5 14. fxe6+ fxe6 15. bxc4 bxc4
16. a4 Nh6 17. Na3 g4 18. Nb5 a6 19. Nd6 Bxd6 20. exd6 Qg8 21. Rb1 Na5 22. Qd2
Qg7 23. Bf4 Raf8 24. g3 Nf7 25. Ng2 Nxd6 26. Be5 Rxf1+ 27. Rxf1 Qh6 28. Qf2 Re8
29. Nh4 Nb3 30. Bf4 Qf6 31. Qe2 Bc6 32. Bxd6 1-0

[Event "KAUPTHING OPEN 2007 B"]
[Site "?"]
[Date "2007.07.13"]
[Round "8.18"]
[White "Salentiny, Eric"]
[Black "Papini, Emmanuel"]
[Result "0-1"]
[WhiteElo "1708"]
[BlackElo "1866"]
[PlyCount "78"]
[EventDate "2007.07.18"]

1. e4 e6 2. d4 b6 3. Bd3 Bb7 4. c3 Be7 5. Qg4 g6 6. Be3 f5 7. exf5 exf5 8. Qh3
Bg5 9. Ne2 Bxe3 10. Qxe3+ Qe7 11. Qxe7+ Nxe7 12. f3 O-O 13. Nd2 Nd5 14. Bc4 Kg7
15. Bxd5 Bxd5 16. c4 Bf7 17. O-O Nc6 18. d5 Ne5 19. b3 Rfe8 20. Nc1 Re7 21. Re1
Rae8 22. Kf1 Nxc4 23. Rxe7 Nxd2+ 24. Ke2 Rxe7+ 25. Kxd2 Bxd5 26. Nd3 c5 27. Nf4
Bg8 28. h4 d5 29. Rd1 d4 30. Re1 Rxe1 31. Kxe1 Kf6 32. Kd2 Ke5 33. Nd3+ Kd5 34.
Nf4+ Kc6 35. Kc2 a5 36. g4 fxg4 37. fxg4 Kd6 38. Kd3 Ke5 39. Ne2 Bd5 0-1

[Event "KAUPTHING OPEN 2007 B"]
[Site "?"]
[Date "2007.07.13"]
[Round "8.19"]
[White "Berteau, Franck"]
[Black "Bariani, Sebastien"]
[Result "0-1"]
[WhiteElo "1859"]
[BlackElo "1700"]
[PlyCount "26"]
[EventDate "2007.07.18"]

1. e4 e5 2. Nf3 Nc6 3. Bc4 Nf6 4. d4 exd4 5. e5 Ne4 6. O-O Bc5 7. Re1 d5 8.
exd6 Bf5 9. Ng5 cxd6 10. Bxf7+ Kf8 11. Rxe4 Bxe4 12. Ne6+ Kxf7 13. Nxd8+ Raxd8
0-1

[Event "KAUPTHING OPEN 2007 B"]
[Site "?"]
[Date "2007.07.13"]
[Round "8.20"]
[White "Ludewig, Robert"]
[Black "Pinheiro, Philippe"]
[Result "1-0"]
[WhiteElo "1920"]
[BlackElo "1540"]
[PlyCount "97"]
[EventDate "2007.07.18"]

1. f4 Nc6 2. Nf3 Nf6 3. e3 e6 4. b3 Be7 5. Bb2 O-O 6. Be2 b6 7. O-O Bb7 8. Qe1
Nb4 9. Qc1 c5 10. a3 Nc6 11. Qe1 Rc8 12. d3 Ng4 13. Bd1 Bf6 14. Nc3 Re8 15. h3
Nh6 16. Rb1 d5 17. Qf2 e5 18. fxe5 Nxe5 19. Be2 Ng6 20. Nh2 Bh4 21. g3 Qg5 22.
Bg4 f5 23. gxh4 Nxh4 24. Bc1 fxg4 25. e4 Qh5 26. Bxh6 Qxh6 27. Nxg4 Qh5 28. Qg3
Kh8 29. Rf4 Qg5 30. Ne2 dxe4 31. dxe4 Bxe4 32. Rbf1 Bxc2 33. Qe3 Ng6 34. Rf8+
Nxf8 35. Rxf8+ Rxf8 36. Qxg5 Rfe8 37. Nf4 Bxb3 38. Ne5 Bc2 39. Nh5 g6 40. Nf6
Re7 41. Nfd7 Ree8 42. Qf6+ Kg8 43. Qf2 Rxe5 44. Nxe5 Bf5 45. Qg3 Rd8 46. Qb3+
Kg7 47. Qf7+ Kh6 48. Qxa7 Rd6 49. Nf7+ 1-0

[Event "KAUPTHING OPEN 2007 B"]
[Site "?"]
[Date "2007.07.13"]
[Round "8.21"]
[White "Marchal, Roger"]
[Black "Buchholtz, Léon"]
[Result "1-0"]
[WhiteElo "1682"]
[BlackElo "1905"]
[PlyCount "117"]
[EventDate "2007.07.18"]

1. c4 Nf6 2. g3 g6 3. Bg2 Bg7 4. d4 O-O 5. Nc3 d6 6. Nf3 Nbd7 7. O-O c5 8. e3
Rb8 9. b3 a6 10. Bb2 b5 11. dxc5 Nxc5 12. cxb5 axb5 13. Nd5 Nxd5 14. Bxg7 Nxe3
15. fxe3 Kxg7 16. Qd4+ Kg8 17. Qh4 f6 18. Qh6 Rf7 19. Nd4 Qf8 20. Qh4 Rg7 21.
b4 Nd3 22. a3 Ne5 23. Bd5+ Kh8 24. Rfc1 e6 25. Bg2 d5 26. Bf1 Nc4 27. Bh3 g5
28. Qh5 f5 29. Qe2 Qd6 30. Rf1 g4 31. Bg2 Qe7 32. Nc6 Qd6 33. Nxb8 Qxb8 34. e4
Qe5 35. a4 Ra7 36. a5 Ba6 37. Qf2 d4 38. exf5 Ne3 39. Rfe1 Rf7 40. Qb2 Rxf5 41.
Rad1 Nxd1 42. Rxd1 Qe3+ 43. Kh1 e5 44. Qc2 Rf7 45. Qe4 Qb3 46. Qxe5+ Kg8 47.
Qxd4 Bb7 48. Qxg4+ Kf8 49. Rd8+ Ke7 50. Rd7+ Ke8 51. Rd1 h5 52. Qg8+ Ke7 53.
Qg5+ Rf6 54. Re1+ Kf7 55. Qxh5+ Rg6 56. Bxb7 Qxb4 57. Bd5+ Kg7 58. Qe5+ Kh6 59.
Qh8+ 1-0

[Event "KAUPTHING OPEN 2007 B"]
[Site "?"]
[Date "2007.07.13"]
[Round "8.22"]
[White "Thiebaux, Jean-Claude"]
[Black "Korman, Ewgenija"]
[Result "0-1"]
[WhiteElo "1836"]
[BlackElo "1661"]
[PlyCount "112"]
[EventDate "2007.07.18"]

1. e4 c6 2. d4 d5 3. Nc3 dxe4 4. Nxe4 Bf5 5. Ng3 Bg6 6. Nf3 e6 7. Ne5 Ne7 8. c3
Nd7 9. Nxg6 Nxg6 10. Bd3 Bd6 11. Ne4 Bc7 12. Be3 Nb6 13. Nc5 Rb8 14. Qd2 Nd5
15. Bg5 Qd6 16. Bxg6 hxg6 17. Ne4 Qd7 18. O-O-O f6 19. Nc5 Qc8 20. Be3 b6 21.
Nd3 Qa6 22. Kb1 Nxe3 23. Qxe3 Kf7 24. g3 Qb7 25. Qf3 Rh5 26. Qg2 a5 27. g4 Rd5
28. h4 c5 29. h5 cxd4 30. hxg6+ Kxg6 31. Qe4+ Kf7 32. cxd4 Rg5 33. Qxb7 Rxb7
34. f3 Rd5 35. Nc1 Bf4 36. Rd3 Rbd7 37. Ne2 Bb8 38. Rc3 Ba7 39. Rhc1 b5 40. Rc7
Bb6 41. Rxd7+ Rxd7 42. Rc6 Bxd4 43. Nxd4 Rxd4 44. Rc7+ Kg6 45. Rc5 Rd5 46. Rc3
b4 47. Re3 e5 48. Kc2 Kg5 49. Re4 Rd4 50. Re2 Kf4 51. Rh2 Kxf3 52. Kb3 Kxg4 53.
Rg2+ Kf3 54. Rxg7 f5 55. Ka4 Rd2 56. Rb7 Rxb2 0-1

[Event "KAUPTHING OPEN 2007 B"]
[Site "?"]
[Date "2007.07.13"]
[Round "8.23"]
[White "Schneider, Rafael"]
[Black "Mahan, James Robert"]
[Result "1-0"]
[WhiteElo "1807"]
[BlackElo "1514"]
[PlyCount "117"]
[EventDate "2007.07.18"]

1. e4 d5 2. exd5 Qxd5 3. Nc3 Qd6 4. d4 Nf6 5. h3 Bf5 6. Nf3 h6 7. Bc4 Nbd7 8.
Qe2 a6 9. Ne5 Be6 10. Bxe6 Qxe6 11. Bf4 O-O-O 12. O-O-O Nd5 13. Nxd5 Qxd5 14.
Kb1 g5 15. Bg3 Bg7 16. f4 Nxe5 17. dxe5 Qe6 18. fxg5 Rxd1+ 19. Rxd1 hxg5 20. a3
f5 21. Bh2 Rh4 22. Qd2 Rh8 23. Qxg5 Bh6 24. Qh5 Bg7 25. Qf3 Qg6 26. Qd5 e6 27.
Qd7+ Kb8 28. Bg1 Rc8 29. Ba7+ Kxa7 30. Qxc8 Bxe5 31. Re1 Qf6 32. Qd7 f4 33. a4
Bxb2 34. Qxe6 Qc3 35. Rf1 Qd4 36. Qb3 Bc3 37. h4 c5 38. h5 c4 39. Qa3 Qb6+ 40.
Ka2 Bb4 41. Qb2 Qa5 42. Qd4+ Ka8 43. Qxc4 Qxa4+ 44. Kb1 b5 45. Qb3 Qa5 46. h6
Bd2 47. Rd1 f3 48. Qxf3+ Kb8 49. Qb3 Bxh6 50. Qg8+ Kb7 51. Qh7+ Ka8 52. Qxh6
Qb4+ 53. Kc1 Qa3+ 54. Kd2 Qb4+ 55. c3 Qb2+ 56. Kd3 Qxg2 57. Qxa6+ Kb8 58. Qxb5+
Ka8 59. Ra1+ 1-0

[Event "KAUPTHING OPEN 2007 B"]
[Site "?"]
[Date "2007.07.13"]
[Round "8.24"]
[White "Fadil, Hicham"]
[Black "Kasparova, Eva"]
[Result "1-0"]
[WhiteElo "1769"]
[BlackElo "1400"]
[PlyCount "99"]
[EventDate "2007.07.18"]

1. e4 d6 2. d4 Nf6 3. Nc3 e5 4. Be3 Nbd7 5. f3 Be7 6. Qd2 O-O 7. g4 c6 8. h4 h5
9. g5 Ne8 10. Bc4 b5 11. Bb3 a5 12. g6 d5 13. exd5 a4 14. dxc6 axb3 15. cxd7
Bxd7 16. gxf7+ Rxf7 17. cxb3 Bxh4+ 18. Bf2 Bxf2+ 19. Qxf2 exd4 20. Qxd4 g6 21.
O-O-O Qe7 22. Nh3 Bxh3 23. Rxh3 Qg5+ 24. Qd2 Qxd2+ 25. Rxd2 Nc7 26. Rd6 Kg7 27.
a4 b4 28. Ne4 Ne8 29. Rb6 Nf6 30. Rxb4 Nxe4 31. Rxe4 Raf8 32. Re3 Kh6 33. Kd2
g5 34. Re6+ Rf6 35. Rxf6+ Rxf6 36. b4 h4 37. b5 Kh5 38. a5 Rf5 39. b4 Rxb5 40.
Kc3 g4 41. fxg4+ Kxg4 42. Rh1 h3 43. Kc4 Rf5 44. a6 Rf7 45. b5 Kg3 46. b6 Kg2
47. Rd1 h2 48. a7 Rf8 49. b7 Rf4+ 50. Kb5 1-0

[Event "KAUPTHING OPEN 2007 B"]
[Site "?"]
[Date "2007.07.13"]
[Round "8.25"]
[White "Steil, Raymond"]
[Black "Schuster, Tom"]
[Result "1-0"]
[WhiteElo "1731"]
[BlackElo "1528"]
[PlyCount "29"]
[EventDate "2007.07.18"]

1. e4 d5 2. exd5 Qxd5 3. Nc3 Qa5 4. d4 c6 5. Nf3 Bf5 6. Bc4 e6 7. Ne5 Nf6 8. g4
Bg6 9. h4 h6 10. Nxg6 fxg6 11. Qe2 Be7 12. Bd2 Qc7 13. Qxe6 Rf8 14. O-O-O Qd6
15. Qc8+ 1-0

[Event "KAUPTHING OPEN 2007 B"]
[Site "?"]
[Date "2007.07.13"]
[Round "8.27"]
[White "Geschwindt, Gilbert"]
[Black "Steffen, Robert"]
[Result "1-0"]
[WhiteElo "1649"]
[BlackElo "1552"]
[PlyCount "63"]
[EventDate "2007.07.18"]

1. e4 e6 2. d4 d5 3. e5 c5 4. c3 Nc6 5. Nf3 Qb6 6. a3 Bd7 7. b4 cxb4 8. cxb4 a5
9. b5 Na7 10. a4 Bb4+ 11. Bd2 Ne7 12. Bxb4 axb4 13. Nbd2 O-O 14. Nb3 Rfc8 15.
Nc5 Qc7 16. Rc1 Nf5 17. b6 Qxb6 18. Nxd7 Qa5 19. Rc5 Rxc5 20. Nxc5 b3+ 21. Qd2
b2 22. Bd3 Qb6 23. O-O Nxd4 24. Nxd4 Qxc5 25. Qxb2 Nc6 26. Nxc6 Qxc6 27. Bb5
Qb6 28. Qc2 d4 29. Rc1 Qd8 30. Qc7 d3 31. Qxd8+ Rxd8 32. Bxd3 1-0

[Event "KAUPTHING OPEN 2007 B"]
[Site "?"]
[Date "2007.07.13"]
[Round "8.28"]
[White "Boyarchenko, Alexander Sr"]
[Black "Ferri, Doriano"]
[Result "0-1"]
[WhiteElo "1544"]
[BlackElo "1646"]
[PlyCount "62"]
[EventDate "2007.07.18"]

1. d4 Nf6 2. Nf3 e6 3. c4 d5 4. Bf4 Bb4+ 5. Nc3 Nbd7 6. Qb3 Bxc3+ 7. Qxc3 c5 8.
e3 b6 9. Bd3 Bb7 10. Ne5 O-O 11. O-O Rc8 12. Bg5 Qc7 13. Bf4 Qd8 14. b4 cxd4
15. Qxd4 Nxe5 16. Bxe5 Ne8 17. Rac1 Qg5 18. c5 bxc5 19. Rxc5 Rxc5 20. bxc5 Bc6
21. Rb1 Nf6 22. Bb5 Qf5 23. Bd3 Qh5 24. Bxf6 gxf6 25. Qxf6 Qg4 26. Qh6 Qg7 27.
Qf4 Kh8 28. f3 Rg8 29. Bf1 e5 30. Qh4 Qg6 31. Bd3 Qxg2# 0-1

[Event "KAUPTHING OPEN 2007 B"]
[Site "?"]
[Date "2007.07.13"]
[Round "8.29"]
[White "Poscic, Mark"]
[Black "Jagiello, Robert"]
[Result "1-0"]
[WhiteElo "1592"]
[BlackElo "1292"]
[PlyCount "103"]
[EventDate "2007.07.18"]

1. e4 e5 2. f4 exf4 3. Nf3 g5 4. d4 Nf6 5. Nxg5 h6 6. Nf3 Nxe4 7. Nbd2 d5 8.
Nxe4 dxe4 9. Qe2 Qe7 10. Ne5 Qh4+ 11. Kd2 e3+ 12. Kd1 Nd7 13. Nf3 Qf6 14. g3
fxg3 15. Bxe3 Qe7 16. hxg3 Nf6 17. Bf4 Qxe2+ 18. Bxe2 Nd5 19. Bc4 Nxf4 20. gxf4
Bg4 21. Be2 O-O-O 22. c3 c5 23. Ne5 Bxe2+ 24. Kxe2 Re8 25. Kf3 Rh7 26. Ng4 cxd4
27. cxd4 Bg7 28. Rac1+ Kd7 29. Ne5+ Bxe5 30. dxe5 Ke6 31. Rhd1 f5 32. Rd6+ Kf7
33. Rc7+ Re7 34. Rf6+ Ke8 35. Rxe7+ Kxe7 36. Rxf5 Ke6 37. Rh5 Kd5 38. b3 b6 39.
Ke3 Rh8 40. Rh2 h5 41. Rd2+ Ke6 42. Ke4 Rf8 43. Rd6+ Ke7 44. Rh6 Rc8 45. Rxh5
Rc2 46. Rh7+ Kf8 47. Rxa7 Re2+ 48. Kf5 Rh2 49. Ra6 Rh5+ 50. Kg6 Rh4 51. Rxb6
Rxf4 52. Rf6+ 1-0

[Event "KAUPTHING OPEN 2007 B"]
[Site "?"]
[Date "2007.07.13"]
[Round "8.30"]
[White "Meisch, Jean-Paul"]
[Black "Dording, Fränz"]
[Result "1-0"]
[WhiteElo "1456"]
[BlackElo "1251"]
[PlyCount "61"]
[EventDate "2007.07.18"]

1. e4 e5 2. Nf3 Nf6 3. Nc3 Nc6 4. Bb5 d6 5. d4 a6 6. Ba4 Bd7 7. O-O Be7 8. Bb3
b6 9. Ng5 Be6 10. d5 Nd4 11. dxe6 fxe6 12. Nxe6 Nxe6 13. Bxe6 c6 14. Bg5 Nd7
15. Bxe7 Qxe7 16. Bxd7+ Qxd7 17. f4 O-O 18. fxe5 Rxf1+ 19. Qxf1 dxe5 20. Rd1
Qf7 21. Qxf7+ Kxf7 22. Na4 b5 23. Nc5 a5 24. Rd6 Ke7 25. Re6+ Kf7 26. Rxe5 Rd8
27. Nd3 Re8 28. Rxe8 Kxe8 29. Kf2 Ke7 30. Ke3 Ke6 31. Kd4 1-0

[Event "KAUPTHING OPEN 2007 B"]
[Site "?"]
[Date "2007.07.13"]
[Round "8.31"]
[White "Clement, Marc"]
[Black "Hoefer, Michael"]
[Result "0-1"]
[WhiteElo "1432"]
[BlackElo "1423"]
[PlyCount "130"]
[EventDate "2007.07.18"]

1. e4 c5 2. Nf3 Nc6 3. d4 cxd4 4. Nxd4 Nf6 5. Nc3 d6 6. Bg5 e5 7. Nf3 Bg4 8.
Nd5 Qa5+ 9. Bd2 Qd8 10. Nc3 a6 11. Be2 Bxf3 12. Bxf3 Be7 13. Ne2 Qc7 14. c3 Nd7
15. Ng3 Nc5 16. O-O h5 17. Nxh5 g6 18. Ng3 Bh4 19. Be3 Bxg3 20. fxg3 Ne6 21.
Bg4 O-O-O 22. Qb3 Na5 23. Qb6 Nc4 24. Qxc7+ Kxc7 25. Bc1 Rd7 26. b3 Na5 27. Bb2
Re7 28. Rad1 Ng5 29. Rde1 Nc6 30. Bc1 Nh7 31. Rd1 Rd8 32. Rf2 f6 33. Ba3 Rf7
34. Rfd2 f5 35. exf5 gxf5 36. Bxf5 Rxf5 37. Bxd6+ Kc8 38. g4 Rf4 39. h3 Ng5 40.
Rf2 Rxf2 41. Kxf2 Ne4+ 42. Ke3 Rxd6 43. Rd3 Rxd3+ 44. Kxd3 Nc5+ 45. Ke3 Kd7 46.
g5 Ke6 47. h4 a5 48. h5 Kf5 49. h6 Kg6 50. g3 Ne7 51. b4 axb4 52. cxb4 Nd7 53.
a4 Nd5+ 54. Ke4 Nxb4 55. g4 b6 56. h7 Kxh7 57. Kf5 Kg7 58. Ke6 e4 59. Kxd7 e3
60. Kc7 e2 61. Kxb6 e1=Q 62. Kb5 Qc3 63. a5 Kg6 64. Ka4 Nc6 65. a6 Qb4# 0-1

[Event "KAUPTHING OPEN 2007 B"]
[Site "?"]
[Date "2007.07.13"]
[Round "8.32"]
[White "Wolff, Chris"]
[Black "Gambucci, Daniela"]
[Result "0-1"]
[WhiteElo "1200"]
[BlackElo "1377"]
[PlyCount "62"]
[EventDate "2007.07.18"]

1. e4 c6 2. Nf3 d5 3. Nc3 dxe4 4. Nxe4 Bg4 5. d4 Nd7 6. h3 Bh5 7. Be2 Ngf6 8.
Nxf6+ Nxf6 9. Ne5 Bxe2 10. Qxe2 Qxd4 11. Nf3 Qb4+ 12. Qd2 Qe4+ 13. Qe3 Qd5 14.
Qe5 Qxe5+ 15. Nxe5 e6 16. O-O Bd6 17. Bf4 Ke7 18. Rfe1 h6 19. Nd3 g5 20. Bxd6+
Kxd6 21. Ne5 Rh7 22. Rad1+ Kc7 23. Rd2 Rd8 24. Red1 Rxd2 25. Rxd2 Nd5 26. c4 f6
27. Re2 fxe5 28. cxd5 Kd6 29. dxe6 Kxe6 30. g3 Rf7 31. Kg2 h5 0-1

[Event "KAUPTHING OPEN 2007 B"]
[Site "?"]
[Date "2007.07.13"]
[Round "8.34"]
[White "Yanovska, Violeta"]
[Black "Schaul, Georges"]
[Result "1-0"]
[WhiteElo "1200"]
[BlackElo "1200"]
[PlyCount "49"]
[EventDate "2007.07.18"]

1. e4 e5 2. Nf3 Be7 3. Nxe5 f6 4. Nf3 Nh6 5. Bc4 Nf7 6. Bxf7+ Kxf7 7. Nd4 Ke8
8. Qf3 Rf8 9. O-O f5 10. exf5 Rf6 11. d3 b6 12. Re1 Bb7 13. Qxb7 Na6 14. Qxa6
b5 15. Bg5 Rxa6 16. Bxe7 Qc8 17. Nxb5 g6 18. fxg6 hxg6 19. N1c3 Rb8 20. a4 g5
21. Nd5 g4 22. Ndxc7+ Kf7 23. Nxa6 Rxb5 24. axb5 g3 25. fxg3 1-0

[Event "KAUPTHING OPEN 2007 B"]
[Site "?"]
[Date "2007.07.14"]
[Round "9.1"]
[White "Hoefer, Ulrich"]
[Black "Morozova, Julia"]
[Result "1/2-1/2"]
[WhiteElo "1940"]
[BlackElo "2073"]
[PlyCount "20"]
[EventDate "2007.07.18"]

1. Nf3 d5 2. d4 e6 3. c4 c5 4. e3 Nc6 5. Nc3 Nf6 6. Bd3 cxd4 7. exd4 dxc4 8.
Bxc4 Be7 9. Be3 O-O 10. O-O Nb4 1/2-1/2

[Event "KAUPTHING OPEN 2007 B"]
[Site "?"]
[Date "2007.07.14"]
[Round "9.3"]
[White "Lobzhanidze, Anna"]
[Black "Vignale, Stéphane"]
[Result "1/2-1/2"]
[WhiteElo "2086"]
[BlackElo "2086"]
[PlyCount "49"]
[EventDate "2007.07.18"]

1. e4 c6 2. d4 d5 3. Nc3 dxe4 4. Nxe4 Bf5 5. Ng3 Bg6 6. h4 h6 7. Nf3 Nd7 8. h5
Bh7 9. Bd3 Bxd3 10. Qxd3 e6 11. Bd2 Ngf6 12. O-O-O Qc7 13. c4 O-O-O 14. Qe2 Bd6
15. Ne4 Nxe4 16. Qxe4 Nf6 17. Qe2 Bf4 18. g3 Bxd2+ 19. Rxd2 Qa5 20. a3 Qf5 21.
Rh4 Nd7 22. Qe4 Qxe4 23. Rxe4 Nf6 24. Rh4 Rhe8 25. Ne5 1/2-1/2